| 000 | 00837nam a2200265 i 4500 | ||
|---|---|---|---|
| 001 | 189416 | ||
| 003 | SpMaBN | ||
| 005 | 20250605063107.0 | ||
| 008 | 190530s1981 sp a |||| |dspa d | ||
| 017 | _aM 16096-1981 | ||
| 020 | _a8473931351 | ||
| 040 | _cES-MaACL | ||
| 080 | _a914.641 M | ||
| 080 | _a946.41 M.(088.3) | ||
| 100 | 1 |
_aSainz de Robles, Federico Carlos, _d1898-1982 _9101593 _eaut |
|
| 245 | 1 | 0 |
_aMadrid, teatro del mundo / _cFederico Carlos Sainz de Robles. |
| 260 |
_aMadrid : _bEmiliano Escolar, _c[1981] |
||
| 300 |
_a357 p. : _bil. ; _c20 cm. |
||
| 651 | 4 |
_aMadrid- _xDescripción _98952 |
|
| 651 | 4 |
_aMadrid- _xHistoria _98963 |
|
| 852 |
_aES-MaACL _jL-32418 _cDEPO2 _xEncuadernación rústica con solapas |
||
| 942 |
_cMONOGRAFIA _n0 |
||
| 999 |
_c189416 _d189416 |
||